1956 1996 1952 1526 1224 1717 1760 1542 1930 1144 1399 1119 1644 1025 1941 1553 1090 1104 1160 1917 1354 1151 1803 1576 1643 1418 1081 1154 1556 1689 1975 1392 1791 1107 1126 1334 1657 1595 1179 1192 1891 1864 1146 1697 1198 1198 1627 1238 1087 1368 1370 1695 1188 1487 1460 1189 1288 1322 1071 1137 1405 1443 1927 1449 1027 1227 1519 1425 1211 1075 1591 1022 1318 1315 1364 1659 1789 1801 1783 1730 1066 1207 1880 1293 1544 1764 1634 1014 1131 1342 1782 1265 1103 1286 1316 1697 1975 1969 1537 BCNSPRNW ULIB Ver.6.0+V

เปลี่ยนเป็นภาษาไทย

Change to English
 แสดงรายละเอียดบรรณานุกรม
  กลับหน้าหลัก

Brief Record : Get Marc (ISO 2709) : E-mail record : QR code < ปิดหน้าต่าง
LEADER : 00000nam 2200000uu 4500
001    13399126243
003     ULIB
008    180827s2561||||th 000 0 tha d
020    ^a9786168035368
060    ^aWI100 M294
245    ^aManual of gastroenterology
250    ^aพิมพ์ครั้งที่ 1
260    ^aกรุงเทพฯ :^bโครงการตำราอายุรศาสตร์วิทยาลัยแพทยศาสตร์พระมงกุฎเกล้า,^c2561
300    ^a376 หน้า^bภาพประกอบ
650    ^aGastroenterology
650    ^aโรคระบบทางเดินอาหาร
650    ^aโรคตับ
650    ^aระบบทางเดินอาหารและตับ
700 0  ^aศักรินทร์ จิรพงศธร และชัยพิชิต พุทธาพิทักษ์พงศ์
945    ^p300^l0^i004809
945    ^p300^l0^i004808
945    ^p300^l0^i004366
945    ^p300^l0^i004367
945    ^p300^l0^i004368
999    ^aประนอม เกษจรัล
รายการนี้ยังไม่มีแท็ก
คุณยังไม่ได้ล็อกอิน คุณสามารถมีกิจกรรมร่วมกับเว็บไซต์ได้ แต่ต้องล็อกอินก่อน ::
  ล็อกอิน

รายการสื่อสารสนเทศ

ลำดับที่ ประเภท เลขเรียก/บาร์โค้ด สถานที่ สถานะ
1. วิทยาศาสตร์การแพทย์ และสุขภาพ
หนังสือสำรอง
สถานะ=หนังสือสำรอง
WI100 M294 ฉ.1 
  Barcode: 004366
ห้องสมุดวิทยาเขตสวรรค์ประชารักษ์
►หนังสือทั่วไป
บนชั้น
2. วิทยาศาสตร์การแพทย์ และสุขภาพ
วิทยาศาสตร์การแพทย์ และสุขภาพ
WI100 M294 ฉ.2 
  Barcode: 004367
ห้องสมุดวิทยาเขตสวรรค์ประชารักษ์
►หนังสือทั่วไป
บนชั้น
3. วิทยาศาสตร์การแพทย์ และสุขภาพ
วิทยาศาสตร์การแพทย์ และสุขภาพ
WI100 M294 ฉ.3 
  Barcode: 004368
ห้องสมุดวิทยาเขตสวรรค์ประชารักษ์
►หนังสือทั่วไป
บนชั้น
4. วิทยาศาสตร์การแพทย์ และสุขภาพ
วิทยาศาสตร์การแพทย์ และสุขภาพ
WI100 M294 ฉ.4 
  Barcode: 004808
ห้องสมุดวิทยาเขตสวรรค์ประชารักษ์
►หนังสือทั่วไป
บนชั้น
5. วิทยาศาสตร์การแพทย์ และสุขภาพ
วิทยาศาสตร์การแพทย์ และสุขภาพ
WI100 M294 ฉ.5 
  Barcode: 004809
ห้องสมุดวิทยาเขตสวรรค์ประชารักษ์
►หนังสือทั่วไป
บนชั้น

รายการใกล้เคียง
    ชื่อเรื่อง [Manual of gastroenterology]

    หัวเรื่อง [Gastroenterology]
    หัวเรื่อง [โรคระบบทางเดินอาหาร]
    หัวเรื่อง [โรคตับ]
    หัวเรื่อง [ระบบทางเดินอาหารและตับ]

BibComment


ยังไม่เคยถูกคอมเมนท์

คอมเมนท์ทรัพยากรรายการนี้
  คอมเมนท์: Manual of gastro..


 Copyright 2026. Bcnsprnw @Library